Investment : an introduction to analysis and management

Bibliographic Details
Main Author: Amling, Frederick
Format: Book
Published: Englewood Cliffs : Prentice Hall , 1978
Edition:4th ed.
Subjects:

MARC

LEADER 00000cam a2200000 7i4500
001 0000009474
005 20150910.0
020 |a 0135043085 
040 |a INS 
090 0 0 |a HG4521   |b A45 1978 
100 1 |a Amling, Frederick 
245 1 0 |a Investment :   |b an introduction to analysis and management   |c Frederick Amling 
250 |a 4th ed. 
260 |a Englewood Cliffs :   |b Prentice Hall ,   |c 1978 
300 |a 745p. ;   |c 25 cm. 
650 0 0 |a Investment analysis 
650 0 0 |a Investments 
999 |a 0000022225   |b BOOK   |c Open Shelf   |e Default branch